[Event "Guarapari op"]
[Site "Guarapari"]
[Date "2017.09.10"]
[Round "6"]
[White "Goncalves, Felipe Giraldo Alva"]
[Black "Heck, Rahysa Leal"]
[Result "0-1"]
[WhiteElo "1731"]
[BlackElo "1534"]
[PlyCount "40"]
[EventDate "2017.09.07"]
[EventType "swiss"]
[EventRounds "6"]
[EventCountry "BRA"]
[SourceTitle "CBM 180 Extra"]
[Source "ChessBase"]
[SourceDate "2017.10.06"]
[SourceVersion "1"]
[SourceVersionDate "2017.10.06"]
[SourceQuality "1"]

1. c4 c5 2. Nf3 Nc6 3. e3 e5 4. Nc3 Nf6 5. d3 Be7 6. g3 0-0 7. Bg2 d6 8. 0-0 Be6 9. e4 Qd7 10. Re1 h6 11. h4 Bg4 12. Kh2 Nh5 13. Re2 f5 14. exf5 Qxf5 15. Re3 Nd4 16. Nxd4 cxd4 17. Nd5 Rae8 18. Be4 Qxf2+ 19. Bg2 Bxd1 20. Nxe7+ Rxe7 0-1